| 000 | 00714nam a2200145Ia 4500 | ||
|---|---|---|---|
| 005 | 20260209120146.0 | ||
| 008 | 260209s9999||||xx |||||||||||||| ||und|| | ||
| 100 | _aSneha S K | ||
| 245 | 0 | _aAdoption law : an analysis of transgender and same sex couple adoption rights | |
| 260 |
_aBangaloreBangalore _bNLSIU, Bangalore _c2022 |
||
| 300 | _a38 p. ; 25 cm. | ||
| 505 | _aAdoption Laws - India Adoption laws - South Africa - New Zealand - India Juvenile Justice (Care and Protection) Act, 2015 - Necessary Amendments Legal Framework of Adoption Law - India | ||
| 700 | _aProf. Dr. Sarasu Esther Thomas - SupervisorProf. Dr. Sarasu Esther Thomas - Supervisor | ||
| 856 | _uhttps://dans.nls.ac.in/handle/123456789/1163 | ||
| 999 |
_c217561 _d217561 |
||